| 000 | 01633nam a22002297a 4500 | ||
|---|---|---|---|
| 999 |
_c63312 _d63312 |
||
| 003 | Ge_BSU | ||
| 005 | 20250804145304.0 | ||
| 008 | 250804s2022 ge ||||| |||| 00| 0 geo d | ||
| 020 | _a9789941850295 | ||
| 041 | _ageo | ||
| 080 | _a373.2(479.22) (063) ს-16 | ||
| 245 |
_aსაერთაშორისო კონფერენცია - ადრეული განათლება და ზრუნვა : კონფერენციაზე წარდგენილი მოხსენებების კრებული = _bInternational Conference on Early Childhood Education and Care : Conference proceedings / _cრედ. მანანა გორგიშვილი ; ყდის დიზაინი და დაკაბადონება ნინო ერისთავი. |
||
| 264 |
_aბათუმი, _c2022 . |
||
| 300 |
_a284 გვ. ; _b24.5 სმ |
||
| 504 | _aბიბლიოგრაფია მოხსენებების ბოლოს. | ||
| 546 | _a2 მოხსენება ინგლისურ ენაზე. | ||
| 653 | _aსკოლამდელი განათლება -- საქართველო -- კონფერენციები. | ||
| 653 | _anternational Conference on Early Childhood Education and Care : Conference proceedings | ||
| 700 |
_aგორგიშვილი, მანანა _eრედაქტორი _96173 |
||
| 700 |
_aერისთავი, ნინო _e ყდის დიზაინი და დაკაბადონება _925743 |
||
| 942 |
_2udc _cBK |
||